00978nam a2200265 a 450000100060000000300080000600500170001400800410003103500190007204000240009104100080011508200260012310000230014911000430017224501750021525000120039026000420040230000280044450000190047265000180049165000240050970000470053370000450058071000870062546608BD-RjUL20211209054158.0160803s1950 ii 001 0 eng  a(BD-RjUL)46727 aDLCcCarPdDLCbeng aeng a346.0720954bPOI 1950 aPollock, Frederick1 aIndia (Republic)kLaws, statutes, etc.04aThe Indian sale of goods and the Indian partnership acts :bwith a commentary, critical and explanatory /cFrederick Pollock, Dinshah Fardanji Mulla, Brojendra Lal Mitter a2nd ed. aCalcutta :bEastern Law House,c1950. axxxvi, 504 p. ;c25 cm. aIncludes index 0aSaleszIndia. 0aPartnershipzIndia.1 aMulla, Dinshah Fardunji,cSir,d1868-1934.1 aMitter, Brojendra Lal,cSir,d1875-1950.1 aIndia (Republic)kLaws, statutes, etc.tIndian partnership act. [from old catalog]